Improve your reading
| Main Author: | |
|---|---|
| Format: | Book |
| Language: | English |
| Published: |
Singapore
S.S. Mubaruk & Brothers
1991
|
| Series: | Ron Fry's how to study program
|
| Subjects: |
| LEADER | 00522cam a2200193 a 4500 | ||
|---|---|---|---|
| 001 | 0000068848 | ||
| 005 | 20030923090000.0 | ||
| 040 | |a mod | ||
| 041 | |a eng | ||
| 020 | 0 | 0 | |a 9971981874 |
| 090 | 0 | 0 | |a 428.4071 |b FRY |e 1991 |
| 100 | 1 | 0 | |a Fry |h Ron |
| 245 | 1 | 0 | |a Improve your reading |c Ron Fry |
| 260 | 0 | 0 | |a Singapore |b S.S. Mubaruk & Brothers |c 1991 |
| 300 | 0 | 0 | |a 96p. |c 21cm |
| 440 | 0 | 0 | |a Ron Fry's how to study program |
| 650 | 0 | 0 | |a Reading |
| 650 | 0 | 0 | |a Reading comprehension |
| 999 | |a 0217988 |b IKEM |d BOOKS |e Umum |f IKEM |j AVAILABLE |q GOOD CONDITION | ||